| 000 | 00608nam a2200181 u 4500 | ||
|---|---|---|---|
| 001 | 000002139 | ||
| 005 | 20200929145839.0 | ||
| 008 | 100813s1967 dr 000 0 spa d | ||
| 040 |
_aDO-SdBNP _bspa _cBNPHU |
||
| 082 |
_aRD861. 44 _bR696c |
||
| 100 | 1 |
_aRodríguez Guevara, Narciso S. _d1923 _96853 |
|
| 245 | 1 | 0 |
_aCaminos : _bpoemario / _cNarciso S. Rodríguez Guevara. |
| 260 |
_aCaracas, Venezuela : _bEdiciones Casa de la Cultura del Estado de Miranda, _c1967. |
||
| 300 |
_a22 p. ; _c23 cm. |
||
| 590 | _aInventariado, 2018/VM | ||
| 650 | 4 |
_aPoesía venezolana _94230 |
|
| 650 | 4 |
_aLiteratura venozolana _96854 |
|
| 999 |
_c1991 _d1991 |
||